Movies Quiz

Random Movies or Actor Quiz

All Oscar-Winning Actors (Slideshow) Quiz Stats

Quiz not verified by Sporcle

Challenge
Share
Tweet
Score 0/147 Timer 20:00
0 Plays Today
% Correct
George Clooney
87.4%
Jack Nicholson
85.8%
Denzel Washington
85.3%
Dustin Hoffman
85.3%
Morgan Freeman
84.3%
Nicolas Cage
83.9%
Robin Williams
83.6%
Adrien Brody
83.5%
Tom Hanks
83%
Sean Connery
81.5%
Michael Caine
81%
Jamie Foxx
80.9%
Robert De Niro
80.7%
John Wayne
79.4%
Jeff Bridges
79.3%
Christopher Walken
78.3%
Michael Douglas
78%
Kevin Spacey
77.5%
Heath Ledger
77.2%
Casey Affleck
76.9%
Christian Bale
76.8%
Daniel Day-Lewis
76.7%
Forest Whitaker
76.5%
Tommy Lee Jones
75.7%
Alec Guinness
74.9%
Jon Voight
74.4%
Philip Seymour Hoffman
73.5%
Al Pacino
72.8%
Sidney Poitier
71.4%
Clark Gable
70.9%
Gene Hackman
70.9%
Benicio Del Toro
70.7%
Colin Firth
70.1%
Humphrey Bogart
69.6%
Jeremy Irons
69.2%
Charlton Heston
67.5%
Ben Kingsley
67.2%
Sean Penn
66.7%
Marlon Brando
66.6%
Joe Pesci
66%
Tim Robbins
65.9%
Robert Duvall
65.7%
James Stewart
65%
Anthony Hopkins
64.4%
Christopher Plummer
64%
Frank Sinatra
63.1%
Geoffrey Rush
62.9%
Gregory Peck
62.7%
Christoph Waltz
60.9%
% Correct
Cuba Gooding Jr.
59.8%
Matthew McConaughey
58.7%
Kevin Kline
58.7%
Russell Crowe
58.4%
Jack Lemmon
58.1%
Javier Bardem
57.2%
Walter Matthau
57%
James Cagney
56%
Alan Arkin
55.5%
Ernest Borgnine
54.8%
Eddie Redmayne
54.8%
Leonardo DiCaprio
54.6%
Paul Newman
54.6%
F. Murray Abraham
54.5%
Henry Fonda
54.4%
Anthony Quinn
53.4%
Yul Brynner
52.7%
Richard Dreyfuss
52.4%
George C. Scott
52%
David Niven
51.9%
Mahershala Ali
51.3%
Burt Lancaster
50.5%
George Burns
50.4%
Jean Dujardin
50.3%
Roberto Benigni
50.3%
Rex Harrison
49.8%
Chris Cooper
49.6%
William Hurt
49.2%
Gary Cooper
48.4%
Lee Marvin
48.3%
Jim Broadbent
48.2%
Spencer Tracy
48.2%
J.K. Simmons
46.7%
Martin Landau
46.3%
Jared Leto
45.7%
Bing Crosby
45.1%
Jason Robards
44.7%
Karl Malden
43.5%
Art Carney
42.3%
George Kennedy
41.3%
Laurence Olivier
40.6%
John Gielgud
38.5%
Louis Gossett Jr.
38.1%
Burl Ives
37%
Peter Ustinov
36.3%
Charles Laughton
36.2%
Paul Scofield
35.9%
Mark Rylance
35.1%
Fredric March
34.6%
% Correct
James Coburn
34.5%
Don Ameche
34.3%
Timothy Hutton
33.2%
Rod Steiger
32.7%
Broderick Crawford
32%
Joel Grey
31.7%
Jack Palance
31.1%
Peter Finch
31%
Red Buttons
31%
George Chakiris
30.5%
Emil Jannings
28.8%
Haing S. Ngor
28.4%
Cliff Robertson
27.4%
Lionel Barrymore
27.1%
William Holden
26.9%
Ben Johnson
26.8%
José Ferrer
26.3%
Robert Donat
26.2%
Martin Balsam
25.7%
Maximilian Schell
25.7%
John Mills
25.6%
Walter Brennan
25.1%
Ray Milland
24.9%
Paul Muni
24.7%
Barry Fitzgerald
23.2%
John Houseman
23.1%
George Arliss
22.6%
Melvyn Douglas
22%
George Sanders
21.8%
Harold Russell
21.7%
Hugh Griffith
21.3%
Wallace Beery
21.3%
Ronald Colman
20.1%
Victor McLaglen
19.9%
Gig Young
19.4%
Van Heflin
19.4%
Warner Baxter
18.9%
Ed Begley Sr.
18.4%
Jack Albertson
18.4%
Paul Lukas
18%
Charles Coburn
17.3%
Donald Crisp
16.6%
Thomas Mitchell
16.3%
Edmond O'Brien
16.1%
Joseph Schildkraut
15.1%
Edmund Gwenn
14.7%
Walter Huston
14.2%
Dean Jagger
13.4%
James Dunn
12%

You're not logged in!

Compare scores with friends on all Sporcle quizzes.
Sign Up with Email
OR
Log In

You Might Also Like...

Show Comments

Extras

Top Quizzes Today


Score Distribution

Your Account Isn't Verified!

In order to create a playlist on Sporcle, you need to verify the email address you used during registration. Go to your Sporcle Settings to finish the process.